Simplified Rome Statute of the International Criminal Court / (Record no. 770)
[ view plain ]
| 000 -LEADER | |
|---|---|
| fixed length control field | 01239nam a22002417a 4500 |
| 008 - FIXED-LENGTH DATA ELEMENTS--GENERAL INFORMATION | |
| fixed length control field | 110428t xxu||||| |||| 00| 0 eng d |
| 100 ## - MAIN ENTRY--PERSONAL NAME | |
| Personal name | Simplified Rome Statute of the International Criminal Court. |
| 9 (RLIN) | 2100 |
| 245 ## - TITLE STATEMENT | |
| Title | Simplified Rome Statute of the International Criminal Court / |
| Statement of responsibility, etc | Advocate for Public International law uganda. |
| 260 ## - PUBLICATION, DISTRIBUTION, ETC. (IMPRINT) | |
| Place of publication, distribution, etc | Kampala: |
| 300 ## - PHYSICAL DESCRIPTION | |
| Extent | 39p.; |
| Dimensions | 26 cm. |
| 942 ## - ADDED ENTRY ELEMENTS (KOHA) | |
| Source of classification or shelving scheme | Dewey Decimal Classification |
| Item type | Books |
| Withdrawn status | Lost status | Source of classification or shelving scheme | Damaged status | Not for loan | Home library | Current library | Shelving location | Date acquired | Total Checkouts | Barcode | Date last seen | Price effective from | Koha item type |
|---|---|---|---|---|---|---|---|---|---|---|---|---|---|
| Dewey Decimal Classification | Law Development Centre Main Library | Law Development Centre Main Library | Text Books and Laws | 04/28/2011 | 300 | 04/28/2011 | 04/28/2011 | Books | |||||
| Dewey Decimal Classification | Law Development Centre Main Library | Law Development Centre Main Library | Text Books and Laws | 04/28/2011 | 3001 | 04/28/2011 | 04/28/2011 | Books | |||||
| Dewey Decimal Classification | Law Development Centre Main Library | Law Development Centre Main Library | Text Books and Laws | 04/28/2011 | 3002 | 04/28/2011 | 04/28/2011 | Books | |||||
| Dewey Decimal Classification | Law Development Centre Main Library | Law Development Centre Main Library | Text Books and Laws | 04/28/2011 | 3003 | 04/28/2011 | 04/28/2011 | Books | |||||
| Dewey Decimal Classification | Law Development Centre Main Library | Law Development Centre Main Library | Text Books and Laws | 04/28/2011 | 3004 | 04/28/2011 | 04/28/2011 | Books | |||||
| Dewey Decimal Classification | Law Development Centre Main Library | Law Development Centre Main Library | Text Books and Laws | 04/28/2011 | 3005 | 04/28/2011 | 04/28/2011 | Books | |||||
| Dewey Decimal Classification | Law Development Centre Main Library | Law Development Centre Main Library | Text Books and Laws | 04/28/2011 | 3007 | 04/28/2011 | 04/28/2011 | Books | |||||
| Dewey Decimal Classification | Law Development Centre Main Library | Law Development Centre Main Library | Text Books and Laws | 04/28/2011 | 3008 | 04/28/2011 | 04/28/2011 | Books | |||||
| Dewey Decimal Classification | Law Development Centre Main Library | Law Development Centre Main Library | Text Books and Laws | 04/28/2011 | 3009 | 04/28/2011 | 04/28/2011 | Books | |||||
| Dewey Decimal Classification | Law Development Centre Main Library | Law Development Centre Main Library | Text Books and Laws | 04/28/2011 | 30010 | 04/28/2011 | 04/28/2011 | Books | |||||
| Dewey Decimal Classification | Law Development Centre Main Library | Law Development Centre Main Library | Text Books and Laws | 04/28/2011 | 30011 | 04/28/2011 | 04/28/2011 | Books |
